Introducción a la teoría de conjuntos

Zapisane w:
Opis bibliograficzny
1. autor: Oubiña, Lía G. (autora)
Format: Książka
Język:hiszpański
Wydane: Buenos Aires EUDEBA 1965
Seria:Previas Matemáticas
Hasła przedmiotowe:
Etykiety: Dodaj etykietę
Nie ma etykietki, Dołącz pierwszą etykiete!

MARC

LEADER 00000nam a2200000 a 4500
001 UCH1499
003 CL-VaPUC
008 090430e19650000AG |||||||||||||||||spa|d
082 0 4 |a 511.322  |b OUB  |2 21 
100 |a Oubiña, Lía G.  |e autora  |9 371055 
245 1 0 |a Introducción a la teoría de conjuntos 
300 |a 163 p 
942 |c BK 
945 |d 20090430 00:00:00  |a rbrito 
260 |a Buenos Aires  |b EUDEBA  |c 1965 
650 0 |a Teoría de conjuntos   |9 265668 
650 0 |a Conjuntos  |9 342214 
650 0 |a Funciones   |9 263869 
650 0 |a Números cardinales  |9 357375 
583 |a last modification  |c 20090430 00:00:00  |k Rodrigo Vera 
490 0 |a Previas Matemáticas 
999 |c 333510  |d 333508